Estatísticas para Natal através de fotografias

Clique aqui para jogar o quiz

Estatísticas Gerais

  • Esse quiz foi jogado 23 vezes
  • A pontuação média é 5 de 15

Estatísticas das Respostas

Resposta% Correto
Meia
95%
Trenó
81%
Biscoito
76%
Boneco de Neve
67%
Renas
57%
Azevinho
24%
Pai Natal
24%
Soldado
24%
Prendas
14%
Coro
5%
Decoração de Natal
5%
Eggnog
5%
Cana de Açúcar
0%
Estrela do Natal
0%
Visco
0%

Distribuição das Pontuações

Percentil de Números Respondidos

Porcentagem de Pessoas com Cada Pontuação

Sua Pontuação Histórica

Você não jogou esse quiz